00372 a2200109 4500001001000000005001700010008004100027245008600068100001800154700002300172773006700195ART_3506420260410162005.0260409a 10aEl relanzamiento de la anticresis en el Código Civil y Comercial de la Nación1 aFlah, Lily R.1 aAguilar, Rosana I.0 tTemas de derecho civilg- Año 1, Nº 1 (oct. 2015)wREV34778